[Event "Toronto ch reserves"]
[Site "Toronto CAN"]
[Date "2001.01.12"]
[Round "2"]
[White "Laughlin, Steve"]
[Black "Sherman, Robert"]
[Result "1-0"]
[WhiteElo "1984"]
[BlackElo "1925"]
[PlyCount "67"]
[GameId "2160767911618829"]
[EventDate "2001.01.10"]
[EventType "tourn"]
[EventRounds "11"]
[EventCountry "CAN"]
[SourceTitle "EXT 2003"]
[Source "ChessBase"]
[SourceDate "2002.11.25"]
[SourceVersion "1"]
[SourceVersionDate "2002.11.25"]
[SourceQuality "1"]

1. e4 c5 2. Nf3 d6 3. d4 cxd4 4. Nxd4 Nf6 5. Nc3 g6 6. Bc4 Bg7 7. f3 O-O 8. Be3 Nc6 9. Qd2 Bd7 10. O-O-O Qb8 11. g4 b5 12. Bb3 a5 13. Nd5 a4 14. Nxc6 Bxc6 15. Nxe7+ Kh8 16. Bd5 Bxd5 17. Nxd5 Nd7 18. h4 Ne5 19. h5 Nc4 20. Qf2 Bxb2+ 21. Kb1 Qd8 22. hxg6 fxg6 23. Bd4+ Bxd4 24. Qxd4+ Kg8 25. f4 Na3+ 26. Kc1 Rc8 27. Nb4 Nc4 28. Qd5+ Kg7 29. Rxh7+ Kxh7 30. Rh1+ Kg7 31. Qd4+ Qf6 32. e5 dxe5 33. fxe5 Qxe5 34. Qd7+ 1-0

[Event "Toronto ch reserves"]
[Site "Toronto CAN"]
[Date "2001.01.12"]
[Round "2"]
[White "Lucki, Arnie"]
[Black "Haziprodromu, Sam"]
[Result "1-0"]
[WhiteElo "1885"]
[BlackElo "1902"]
[PlyCount "69"]
[GameId "2160767911618830"]
[EventDate "2001.01.10"]
[EventType "tourn"]
[EventRounds "11"]
[EventCountry "CAN"]
[SourceTitle "EXT 2003"]
[Source "ChessBase"]
[SourceDate "2002.11.25"]
[SourceVersion "1"]
[SourceVersionDate "2002.11.25"]
[SourceQuality "1"]

1. d4 Nf6 2. Nf3 c5 3. e3 e6 4. Bd3 d5 5. b3 Be7 6. O-O O-O 7. c4 b6 8. Ne5 Bb7 9. Bb2 Nbd7 10. f4 Ne4 11. f5 exf5 12. Rxf5 g6 13. Rf1 f5 14. cxd5 Nxe5 15. dxe5 Bxd5 16. Nc3 Nxc3 17. Bxc3 Bg5 18. Qe2 Qe7 19. Rad1 Be6 20. Bc4 Rad8 21. e4 f4 22. g3 Rxd1 23. Rxd1 f3 24. Qd3 f2+ 25. Kg2 Kg7 26. Bxe6 Qxe6 27. Rf1 h5 28. Rxf2 Rxf2+ 29. Kxf2 h4 30. Qd6 hxg3+ 31. hxg3 Qg4 32. e6+ Kh6 33. Qf8+ Kh5 34. Qh8+ Bh6 35. Bd2 1-0

[Event "Toronto ch reserves"]
[Site "Toronto CAN"]
[Date "2001.01.12"]
[Round "2"]
[White "Pe, Joe-Mari"]
[Black "Millar, David"]
[Result "1-0"]
[WhiteElo "1931"]
[BlackElo "1951"]
[PlyCount "51"]
[GameId "2160767911618831"]
[EventDate "2001.01.10"]
[EventType "tourn"]
[EventRounds "11"]
[EventCountry "CAN"]
[SourceTitle "EXT 2003"]
[Source "ChessBase"]
[SourceDate "2002.11.25"]
[SourceVersion "1"]
[SourceVersionDate "2002.11.25"]
[SourceQuality "1"]

1. c4 Nf6 2. g3 g6 3. Bg2 Bg7 4. Nc3 d6 5. d3 e5 6. Bd2 Nc6 7. Qc1 Ne7 8. Bh6 O-O 9. h4 Nf5 10. Bxg7 Nxg7 11. Nf3 Ngh5 12. Ng5 Ng4 13. Bf3 f6 14. Bd5+ Kg7 15. Ne6+ Bxe6 16. Bxe6 f5 17. e4 Nxf2 18. Kxf2 fxe4+ 19. Kg2 Qf6 20. Nxe4 Qxe6 21. Qe3 Qg4 22. Nf2 Rxf2+ 23. Qxf2 Rf8 24. Qe3 Rf3 25. Qxf3 Nf4+ 26. Kf2 1-0

[Event "Toronto ch reserves"]
[Site "Toronto CAN"]
[Date "2001.01.12"]
[Round "2"]
[White "Shah, Omar"]
[Black "Cohen, David"]
[Result "1-0"]
[WhiteElo "1863"]
[BlackElo "1956"]
[PlyCount "143"]
[GameId "2160767911618832"]
[EventDate "2001.01.10"]
[EventType "tourn"]
[EventRounds "11"]
[EventCountry "CAN"]
[SourceTitle "EXT 2003"]
[Source "ChessBase"]
[SourceDate "2002.11.25"]
[SourceVersion "1"]
[SourceVersionDate "2002.11.25"]
[SourceQuality "1"]

1. e4 e5 2. Nf3 Nc6 3. Bb5 a6 4. Ba4 Nf6 5. O-O b5 6. Bb3 Be7 7. Re1 O-O 8. c3 d5 9. exd5 Nxd5 10. Nxe5 Nxe5 11. Rxe5 c6 12. d4 Bd6 13. Re1 Qh4 14. g3 Qh3 15. Re4 Qf5 16. Bc2 Qf6 17. Rh4 g6 18. Nd2 Be7 19. Ne4 Qh8 20. Rh6 f5 21. Ng5 Bxg5 22. Bxg5 Bd7 23. h4 Qg7 24. Bb3 Rae8 25. Qf3 Be6 26. h5 gxh5 27. Qxh5 Bf7 28. Qh4 Bg6 29. Bf4 Qe7 30. Qxe7 Rxe7 31. Bd6 Re2 32. Bxf8 Kxf8 33. Kf1 Rxb2 34. Rc1 Nf6 35. Rh4 Ng4 36. Rc2 Rb1+ 37. Ke2 Rg1 38. Kf3 Rd1 39. Kf4 Kg7 40. Re2 Rd3 41. f3 Nf6 42. Re3 Rd2 43. Re7+ Kf8 44. Ra7 Rd3 45. Kg5 Ne8 46. Rf4 Rxc3 47. g4 Nd6 48. gxf5 Be8 49. Kf6 Bh5 50. Ra8+ Ne8+ 51. Kg5 Bxf3 52. Ra7 Bd5 53. Bxd5 cxd5 54. Rh4 Rg3+ 55. Kf4 Rg1 56. Rhxh7 Rf1+ 57. Ke3 Kg8 58. Rhe7 Kf8 59. Rf7+ Kg8 60. Rfe7 Kf8 61. Re5 Re1+ 62. Kd2 Rh1 63. Ra8 Rh2+ 64. Kc3 Rxa2 65. Rexe8+ Kf7 66. Re6 a5 67. Ra7+ Kf8 68. Rb6 b4+ 69. Kd3 Ra3+ 70. Kd2 Ra2+ 71. Ke3 Ra3+ 72. Kf4 1-0

[Event "Toronto ch reserves"]
[Site "Toronto CAN"]
[Date "2001.01.17"]
[Round "3"]
[White "Cohen, David"]
[Black "Chen, Chin Hua"]
[Result "1-0"]
[WhiteElo "1956"]
[BlackElo "2000"]
[PlyCount "117"]
[GameId "2160767911618833"]
[EventDate "2001.01.10"]
[EventType "tourn"]
[EventRounds "11"]
[EventCountry "CAN"]
[SourceTitle "EXT 2003"]
[Source "ChessBase"]
[SourceDate "2002.11.25"]
[SourceVersion "1"]
[SourceVersionDate "2002.11.25"]
[SourceQuality "1"]

1. e4 e6 2. d4 d5 3. Nd2 Nf6 4. e5 Nfd7 5. Bd3 c5 6. c3 Nc6 7. Qg4 cxd4 8. cxd4 Qc7 9. Ne2 Nb4 10. Bb1 Nc2+ 11. Bxc2 Qxc2 12. O-O Qg6 13. Qf3 f5 14. Nb3 Be7 15. Bd2 O-O 16. Rac1 Bd8 17. Rc2 Nb6 18. Nf4 Qf7 19. Rfc1 Nc4 20. Bb4 Re8 21. Nc5 a5 22. Be1 b6 23. Rxc4 bxc5 24. Rxc5 Bb6 25. Rc6 Bxd4 26. Rc7 Bd7 27. Bc3 Bb6 28. Rb7 Reb8 29. Rxb8+ Rxb8 30. Qd3 Qe8 31. Qd2 Rc8 32. Ne2 Qd8 33. Bd4 Bxd4 34. Nxd4 Rxc1+ 35. Qxc1 Qb8 36. f4 Qb6 37. Qc3 a4 38. a3 Kf7 39. Kf2 h6 40. Ke3 g5 41. g3 Ke8 42. Kd2 Qa6 43. Qd3 Qb6 44. Kc2 Kd8 45. Qc3 g4 46. Qb4 Kc7 47. Qxb6+ Kxb6 48. Kc3 Kc5 49. b4+ axb3 50. Nxb3+ Kb6 51. Kb4 Bc8 52. a4 Bd7 53. a5+ Kc6 54. Nd4+ Kb7 55. Kc5 Ka6 56. Kd6 Bc8 57. Kc7 Bb7 58. Nxe6 Ba8 59. Nd4 1-0

[Event "Toronto ch reserves"]
[Site "Toronto CAN"]
[Date "2001.01.17"]
[Round "3"]
[White "Laughlin, Steve"]
[Black "Lucki, Arnie"]
[Result "1-0"]
[WhiteElo "1984"]
[BlackElo "1885"]
[PlyCount "53"]
[GameId "2160767911618834"]
[EventDate "2001.01.10"]
[EventType "tourn"]
[EventRounds "11"]
[EventCountry "CAN"]
[SourceTitle "EXT 2003"]
[Source "ChessBase"]
[SourceDate "2002.11.25"]
[SourceVersion "1"]
[SourceVersionDate "2002.11.25"]
[SourceQuality "1"]

1. e4 Nc6 2. d4 e5 3. d5 Nce7 4. c4 Ng6 5. Bd3 Bb4+ 6. Nc3 Bxc3+ 7. bxc3 d6 8. Ne2 Nh4 9. O-O Nh6 10. f4 f5 11. fxe5 fxe4 12. Bxe4 dxe5 13. Ng3 Bg4 14. Qa4+ Bd7 15. Qb3 Rb8 16. Nh5 Qe7 17. Ba3 Qg5 18. Ng3 Qe3+ 19. Kh1 a5 20. Rae1 Qg5 21. c5 b5 22. d6 c6 23. Bc1 Qg4 24. Bxh6 Be6 25. Bxc6+ Bd7 26. Qf7+ Kd8 27. Qf8+ 1-0

[Event "Toronto ch reserves"]
[Site "Toronto CAN"]
[Date "2001.01.17"]
[Round "3"]
[White "Paterson, Jim"]
[Black "Gebhardt, David"]
[Result "1-0"]
[WhiteElo "1967"]
[BlackElo "1904"]
[PlyCount "65"]
[GameId "2160767911618836"]
[EventDate "2001.01.10"]
[EventType "tourn"]
[EventRounds "11"]
[EventCountry "CAN"]
[SourceTitle "EXT 2003"]
[Source "ChessBase"]
[SourceDate "2002.11.25"]
[SourceVersion "1"]
[SourceVersionDate "2002.11.25"]
[SourceQuality "1"]

1. d4 f5 2. Nf3 Nf6 3. c4 d6 4. Nc3 g6 5. g3 Bg7 6. Bg2 O-O 7. O-O Nc6 8. Bf4 Qe8 9. d5 Nd8 10. Nb5 Qd7 11. Nbd4 c6 12. Ng5 cxd5 13. cxd5 Qe8 14. h4 h6 15. Nh3 Ng4 16. Rc1 Ne5 17. Rc7 Rf7 18. Qc1 Bd7 19. Bxh6 Bxh6 20. Qxh6 Rh7 21. Qc1 Nef7 22. Rd1 Rb8 23. Rd3 g5 24. Nxg5 Nxg5 25. Qxg5+ Rg7 26. Qd2 Rc8 27. Rdc3 Rxc7 28. Rxc7 Rf7 29. Bf3 f4 30. g4 e5 31. dxe6 Nxe6 32. Nxe6 Qxe6 33. Qd5 1-0

[Event "Toronto ch reserves"]
[Site "Toronto CAN"]
[Date "2001.01.17"]
[Round "3"]
[White "Richardson, Ross"]
[Black "Haziprodromu, Sam"]
[Result "1-0"]
[WhiteElo "2000"]
[BlackElo "1902"]
[PlyCount "115"]
[GameId "2160767911618837"]
[EventDate "2001.01.10"]
[EventType "tourn"]
[EventRounds "11"]
[EventCountry "CAN"]
[SourceTitle "EXT 2003"]
[Source "ChessBase"]
[SourceDate "2002.11.25"]
[SourceVersion "1"]
[SourceVersionDate "2002.11.25"]
[SourceQuality "1"]

1. e4 e5 2. Nf3 Nc6 3. Bb5 a6 4. Bxc6 dxc6 5. Nc3 f6 6. d3 Bb4 7. Bd2 Ne7 8. a3 Bc5 9. Be3 Bd6 10. h3 O-O 11. Qd2 c5 12. O-O Be6 13. Ne2 f5 14. Ng5 Qd7 15. f4 exf4 16. Nxf4 Bxf4 17. Bxf4 h6 18. Nxe6 Qxe6 19. Rae1 Qc6 20. Qc3 Kh7 21. Qe5 Ng6 22. Qxc7 Qb5 23. exf5 Rxf5 24. Be5 Rxf1+ 25. Rxf1 Nxe5 26. Qxe5 Re8 27. Qc3 Kg8 28. Rf4 Qd7 29. Qxc5 Rc8 30. Qb4 Kh8 31. Rf8+ Rxf8 32. Qxf8+ Kh7 33. Qf4 g6 34. Kf2 Qb5 35. Qf7+ Kh8 36. Qf8+ Kh7 37. Qf7+ Kh8 38. Qf8+ Kh7 39. b3 h5 40. Qf7+ Kh6 41. Qf3 Kg7 42. d4 b6 43. c4 Qg5 44. Qb7+ Kh6 45. Qxb6 h4 46. Qe6 Qg3+ 47. Kg1 Qxb3 48. Qf6 Qe3+ 49. Qf2 Qc1+ 50. Kh2 g5 51. c5 Qxa3 52. d5 Qc3 53. d6 Qe5+ 54. Kh1 Qa1+ 55. Qg1 Qa4 56. Qc1 Qc6 57. Qc3 Kg6 58. Qd4 1-0

[Event "Toronto ch reserves"]
[Site "Toronto CAN"]
[Date "2001.01.17"]
[Round "3"]
[White "Sherman, Robert"]
[Black "Pe, Joe-Mari"]
[Result "1-0"]
[WhiteElo "1925"]
[BlackElo "1931"]
[PlyCount "81"]
[GameId "2160767911618838"]
[EventDate "2001.01.10"]
[EventType "tourn"]
[EventRounds "11"]
[EventCountry "CAN"]
[SourceTitle "EXT 2003"]
[Source "ChessBase"]
[SourceDate "2002.11.25"]
[SourceVersion "1"]
[SourceVersionDate "2002.11.25"]
[SourceQuality "1"]

1. e4 c5 2. Nf3 Nc6 3. d4 cxd4 4. Nxd4 d6 5. Nc3 g6 6. Be3 Bg7 7. Bc4 Nf6 8. f3 Bd7 9. Bb3 a6 10. Qd2 h5 11. O-O-O Rc8 12. Rhe1 Na5 13. Kb1 b5 14. Nd5 Nc4 15. Bxc4 Rxc4 16. Nb3 Nxd5 17. exd5 Bf5 18. Rc1 O-O 19. Na5 Ra4 20. Nc6 Qc7 21. Bg5 e6 22. Ne7+ Kh7 23. Nxf5 exf5 24. Re7 Qc4 25. b3 Qc5 26. c3 Ra3 27. Be3 Qc8 28. Bd4 Qd8 29. Bxg7 Kxg7 30. Qd4+ Kg8 31. Rce1 a5 32. Qa7 a4 33. Kb2 Rxa2+ 34. Kxa2 axb3+ 35. Kxb3 f4 36. R1e4 g5 37. Qd4 Qa8 38. Ra7 Qb8 39. Ree7 b4 40. cxb4 Re8 41. Qf6 1-0

[Event "Toronto ch reserves"]
[Site "Toronto CAN"]
[Date "2001.01.19"]
[Round "4"]
[White "Chen, Chin Hua"]
[Black "Millar, David"]
[Result "0-1"]
[WhiteElo "2000"]
[BlackElo "1951"]
[PlyCount "48"]
[GameId "2160767911618839"]
[EventDate "2001.01.10"]
[EventType "tourn"]
[EventRounds "11"]
[EventCountry "CAN"]
[SourceTitle "EXT 2003"]
[Source "ChessBase"]
[SourceDate "2002.11.25"]
[SourceVersion "1"]
[SourceVersionDate "2002.11.25"]
[SourceQuality "1"]

1. e4 c5 2. Nf3 Nc6 3. d4 cxd4 4. Nxd4 Nf6 5. Nc3 e5 6. Ndb5 d6 7. Bg5 a6 8. Bxf6 gxf6 9. Na3 b5 10. Qd5 Bb7 11. Naxb5 axb5 12. Bxb5 Rc8 13. a4 Be7 14. a5 O-O 15. a6 Ba8 16. Qd2 Nd4 17. Bd3 f5 18. exf5 Bg5 19. Qd1 Kh8 20. O-O Rg8 21. Kh1 Bxg2+ 22. Kxg2 Bf4+ 23. Kh3 Qg5 24. Be2 Qg2+ 0-1

[Event "Toronto ch reserves"]
[Site "Toronto CAN"]
[Date "2001.01.19"]
[Round "4"]
[White "Gebhardt, David"]
[Black "Cohen, David"]
[Result "0-1"]
[WhiteElo "1904"]
[BlackElo "1956"]
[PlyCount "66"]
[GameId "2160767911618840"]
[EventDate "2001.01.10"]
[EventType "tourn"]
[EventRounds "11"]
[EventCountry "CAN"]
[SourceTitle "EXT 2003"]
[Source "ChessBase"]
[SourceDate "2002.11.25"]
[SourceVersion "1"]
[SourceVersionDate "2002.11.25"]
[SourceQuality "1"]

1. e4 e5 2. Nf3 Nc6 3. Nc3 Nf6 4. d4 exd4 5. Nd5 d6 6. Nxd4 Nxd4 7. Qxd4 Bd7 8. Bg5 Be7 9. Nxe7 Qxe7 10. f3 Qe5 11. Qxe5+ dxe5 12. O-O-O Be6 13. Bb5+ Nd7 14. Rd2 f6 15. Be3 a6 16. Bd3 O-O 17. Rhd1 Nb8 18. Bc5 Re8 19. Be2 Nc6 20. c3 Bxa2 21. Rd7 Bb3 22. R1d2 Rac8 23. Bd1 Bxd1 24. Kxd1 Red8 25. Ke2 Nd4+ 26. R2xd4 exd4 27. Rxd8+ Rxd8 28. Bxd4 Kf7 29. Ke3 Ke6 30. g3 a5 31. b4 a4 32. c4 a3 33. h3 Rxd4 0-1

[Event "Toronto ch reserves"]
[Site "Toronto CAN"]
[Date "2001.01.19"]
[Round "4"]
[White "Haziprodromu, Sam"]
[Black "Paterson, Jim"]
[Result "1-0"]
[WhiteElo "1902"]
[BlackElo "1967"]
[PlyCount "125"]
[GameId "2160767911618841"]
[EventDate "2001.01.10"]
[EventType "tourn"]
[EventRounds "11"]
[EventCountry "CAN"]
[SourceTitle "EXT 2003"]
[Source "ChessBase"]
[SourceDate "2002.11.25"]
[SourceVersion "1"]
[SourceVersionDate "2002.11.25"]
[SourceQuality "1"]

1. e4 e6 2. Qe2 c5 3. Nf3 Nc6 4. c3 d5 5. d3 Be7 6. g3 Nf6 7. Bg2 O-O 8. O-O dxe4 9. dxe4 e5 10. h3 h6 11. Nbd2 Be6 12. Nc4 Qc7 13. a4 Bxc4 14. Qxc4 Na5 15. Qe2 Nb3 16. Rb1 c4 17. Nd2 Nxc1 18. Rfxc1 Rac8 19. Bf1 Qc6 20. Ra1 Rfd8 21. Re1 Qe6 22. Nxc4 Rc7 23. Rad1 Rdc8 24. Ne3 Bc5 25. Nd5 Nxd5 26. Rxd5 Qg6 27. Kg2 Qf6 28. Red1 Bf8 29. Qf3 Qxf3+ 30. Kxf3 f6 31. h4 Re7 32. h5 Kf7 33. Bh3 Rb8 34. Bf5 Rc7 35. Ke2 Be7 36. R1d3 a6 37. f4 exf4 38. gxf4 b5 39. axb5 axb5 40. b4 Ra7 41. e5 fxe5 42. fxe5 Ra2+ 43. Rd2 Ra3 44. R2d3 Ra2+ 45. Kf3 Ra7 46. Ke4 Rc7 47. Rf3 Kg8 48. Kd3 Bg5 49. Bd7 Rcb7 50. Ke4 Rb6 51. Rfd3 Be7 52. Bf5 Rc6 53. Rd7 Rc4+ 54. Kd5 Rf4 55. Rxe7 Rxf5 56. Rg3 Rg5 57. Rxg5 hxg5 58. Re6 Rc8 59. Rg6 Kh7 60. Rxg5 Rxc3 61. e6 Re3 62. Re5 Rd3+ 63. Kc6 1-0

[Event "Toronto ch reserves"]
[Site "Toronto CAN"]
[Date "2001.01.19"]
[Round "4"]
[White "Pe, Joe-Mari"]
[Black "Laughlin, Steve"]
[Result "1-0"]
[WhiteElo "1931"]
[BlackElo "1984"]
[PlyCount "76"]
[GameId "2160767911618843"]
[EventDate "2001.01.10"]
[EventType "tourn"]
[EventRounds "11"]
[EventCountry "CAN"]
[SourceTitle "EXT 2003"]
[Source "ChessBase"]
[SourceDate "2002.11.25"]
[SourceVersion "1"]
[SourceVersionDate "2002.11.25"]
[SourceQuality "1"]

1. c4 Nf6 2. Nc3 g6 3. d3 Bg7 4. Bd2 O-O 5. g3 d6 6. Bg2 Nbd7 7. b4 Rb8 8. a4 c5 9. b5 b6 10. Nf3 Bb7 11. e4 Ng4 12. O-O Nge5 13. Ne1 f5 14. exf5 Bxg2 15. Kxg2 gxf5 16. Ra3 Ng6 17. Qc1 f4 18. Nd5 e5 19. Nf3 Nf6 20. Nc3 Qd7 21. h3 Kh8 22. Ne2 Nh5 23. Bc3 d5 24. g4 e4 25. gxh5 exf3+ 26. Kh2 fxe2 27. Bxg7+ Qxg7 28. Rg1 Nh4 29. Rxg7 Nf3+ 30. Kh1 Ne1 31. Rxa7 d4 32. a5 Rg8 33. a6 Nf3 34. Ra1 Rg5 35. h6 Rgg8 36. Re7 Ng5 37. a7 Ra8 38. Rb7 f3 1-0

[Event "Toronto ch reserves"]
[Site "Toronto CAN"]
[Date "2001.01.19"]
[Round "4"]
[White "Shah, Omar"]
[Black "Sherman, Robert"]
[Result "0-1"]
[WhiteElo "1864"]
[BlackElo "1925"]
[PlyCount "68"]
[GameId "2160767911618844"]
[EventDate "2001.01.10"]
[EventType "tourn"]
[EventRounds "11"]
[EventCountry "CAN"]
[SourceTitle "EXT 2003"]
[Source "ChessBase"]
[SourceDate "2002.11.25"]
[SourceVersion "1"]
[SourceVersionDate "2002.11.25"]
[SourceQuality "1"]

1. e4 e5 2. Nf3 Nc6 3. Bb5 a6 4. Ba4 Nf6 5. O-O b5 6. Bb3 Be7 7. Re1 O-O 8. c3 d5 9. exd5 Nxd5 10. Nxe5 Nxe5 11. Rxe5 c6 12. d4 Bd6 13. Re1 Qh4 14. g3 Qh3 15. Re4 g5 16. Qf3 Bf5 17. Bc2 Bxe4 18. Bxe4 Qe6 19. Bxg5 h6 20. Bd2 f5 21. Bd3 Ra7 22. Kh1 Rg7 23. h3 f4 24. g4 Kh8 25. Na3 Qf6 26. Nc2 Rfg8 27. Rg1 h5 28. Rg2 Qh4 29. Rh2 hxg4 30. hxg4 Rxg4 31. Qg2 f3 32. Qg3 Bxg3 33. fxg3 Qxh2+ 34. Kxh2 Rxg3 0-1

[Event "Toronto ch reserves"]
[Site "Toronto CAN"]
[Date "2001.01.22"]
[Round "5"]
[White "Cohen, David"]
[Black "Haziprodromu, Sam"]
[Result "1-0"]
[WhiteElo "1956"]
[BlackElo "1902"]
[PlyCount "93"]
[GameId "2160767911618845"]
[EventDate "2001.01.10"]
[EventType "tourn"]
[EventRounds "11"]
[EventCountry "CAN"]
[SourceTitle "EXT 2003"]
[Source "ChessBase"]
[SourceDate "2002.11.25"]
[SourceVersion "1"]
[SourceVersionDate "2002.11.25"]
[SourceQuality "1"]

1. e4 e5 2. Nf3 Nc6 3. Bb5 a6 4. Bxc6 dxc6 5. d4 exd4 6. Qxd4 Qxd4 7. Nxd4 c5 8. Ne2 Bd6 9. Bf4 Bxf4 10. Nxf4 Ne7 11. Nc3 Bd7 12. O-O-O O-O-O 13. Rd2 Nc6 14. Rhd1 Rhe8 15. f3 Nd4 16. Nce2 Nxe2+ 17. Nxe2 f5 18. Ng3 fxe4 19. Nxe4 b6 20. Ng5 Bf5 21. Rxd8+ Rxd8 22. Rxd8+ Kxd8 23. Nf7+ Ke7 24. Ne5 b5 25. Kd2 Kd6 26. f4 Kd5 27. Nd3 a5 28. Ke3 c4 29. Ne1 c5 30. c3 b4 31. a3 bxa3 32. bxa3 Kc6 33. Nf3 Kb5 34. Ne5 Be6 35. Ke4 Ka4 36. Nc6 Kxa3 37. Nxa5 Kb2 38. Nb7 Kxc3 39. Nxc5 Bf7 40. Ke3 Kc2 41. Kd4 Kd2 42. g4 Ke2 43. f5 Kf3 44. g5 Kg4 45. g6 hxg6 46. fxg6 Kg5 47. gxf7 1-0

[Event "Toronto ch reserves"]
[Site "Toronto CAN"]
[Date "2001.01.22"]
[Round "5"]
[White "Laughlin, Steve"]
[Black "Shah, Omar"]
[Result "0-1"]
[WhiteElo "1984"]
[BlackElo "1863"]
[PlyCount "133"]
[GameId "2160767911618846"]
[EventDate "2001.01.10"]
[EventType "tourn"]
[EventRounds "11"]
[EventCountry "CAN"]
[SourceTitle "EXT 2003"]
[Source "ChessBase"]
[SourceDate "2002.11.25"]
[SourceVersion "1"]
[SourceVersionDate "2002.11.25"]
[SourceQuality "1"]

1. e4 c5 2. Nf3 d6 3. d4 cxd4 4. Nxd4 Nf6 5. Nc3 a6 6. Bc4 e6 7. Bb3 Be7 8. Be3 b5 9. f3 O-O 10. Qd2 Qa5 11. a3 Bd7 12. O-O Nc6 13. Nxc6 Bxc6 14. Nd5 Qd8 15. Nxe7+ Qxe7 16. Bg5 Rfd8 17. Qb4 Qa7+ 18. Kh1 Qc5 19. Qd2 Bb7 20. Qf4 Qe5 21. Qxe5 dxe5 22. Rad1 h6 23. Bh4 g5 24. Bg3 Nd7 25. Bf2 Kf8 26. c3 Ke7 27. Kg1 Rac8 28. Be3 Rg8 29. Kf2 h5 30. Rd2 g4 31. Rfd1 Bc6 32. fxg4 Nf6 33. Bc5+ Ke8 34. Bc2 Nxg4+ 35. Kg1 Nf6 36. Bb6 Nd7 37. Bf2 f5 38. Bh4 Rg4 39. g3 fxe4 40. Rd6 Bd5 41. h3 Rg7 42. Rxa6 e3 43. Re1 Rc4 44. Kf1 Rxh4 45. gxh4 Bc4+ 46. Re2 Bxe2+ 47. Kxe2 Rg2+ 48. Kd1 Rd2+ 49. Kc1 Ke7 50. Ra8 Rd5 51. Rg8 Nc5 52. Rg6 Nd3+ 53. Bxd3 Rxd3 54. Rg2 Kd6 55. Kc2 e4 56. b3 Ke5 57. a4 bxa4 58. bxa4 Kf4 59. a5 Kf3 60. Rg1 Kf2 61. Rh1 Kg2 62. Re1 Kf2 63. Rh1 e2 64. Rh2+ Ke3 65. Rh1 Rd5 66. a6 Ra5 67. c4 0-1

[Event "Toronto ch reserves"]
[Site "Toronto CAN"]
[Date "2001.01.22"]
[Round "5"]
[White "Millar, David"]
[Black "Gebhardt, David"]
[Result "1-0"]
[WhiteElo "1951"]
[BlackElo "1904"]
[PlyCount "137"]
[GameId "2160767911618847"]
[EventDate "2001.01.10"]
[EventType "tourn"]
[EventRounds "11"]
[EventCountry "CAN"]
[SourceTitle "EXT 2003"]
[Source "ChessBase"]
[SourceDate "2002.11.25"]
[SourceVersion "1"]
[SourceVersionDate "2002.11.25"]
[SourceQuality "1"]

1. d4 c6 2. c4 d6 3. Nc3 Nf6 4. e4 Nbd7 5. Nf3 e5 6. Be2 Be7 7. O-O O-O 8. h3 exd4 9. Nxd4 Nc5 10. Qc2 d5 11. cxd5 cxd5 12. exd5 Nxd5 13. Nxd5 Qxd5 14. Rd1 Qe4 15. Qxe4 Nxe4 16. Bf3 Ng5 17. Bd5 Rd8 18. Bb3 Ne6 19. Be3 Nxd4 20. Bxd4 Bf5 21. Rac1 Bd6 22. a3 b6 23. Rc3 Rac8 24. Rf3 Bg6 25. Re1 Re8 26. Rd1 Bb8 27. Bc3 Rcd8 28. Rxd8 Rxd8 29. Re3 Bf5 30. Re7 Be6 31. Bc2 Kf8 32. Bb4 a5 33. Rxe6+ axb4 34. Rxb6 Rc8 35. Rxb4 Bd6 36. Rb6 Rxc2 37. Rxd6 Rxb2 38. a4 Ra2 39. Rd4 Ke7 40. g3 Ke6 41. Kg2 Ra3 42. h4 h5 43. Rb4 g6 44. Rf4 f6 45. Rb4 g5 46. hxg5 fxg5 47. Rb5 Rxa4 48. Rxg5 h4 49. g4 Kf6 50. Rf5+ Kg6 51. Kh3 Ra1 52. Kxh4 Rh1+ 53. Kg3 Rg1+ 54. Kf4 Rg2 55. f3 Rg1 56. Rd5 Rf1 57. Rd6+ Kg7 58. Ke4 Re1+ 59. Kf5 Ra1 60. Rd7+ Kf8 61. f4 Ra5+ 62. Kf6 Ra6+ 63. Kg5 Ke8 64. Rb7 Kf8 65. f5 Ke8 66. f6 Ra4 67. Kf5 Rc4 68. g5 Kf8 69. Rb8+ 1-0

[Event "Toronto ch reserves"]
[Site "Toronto CAN"]
[Date "2001.01.22"]
[Round "5"]
[White "Paterson, Jim"]
[Black "Richardson, Ross"]
[Result "0-1"]
[WhiteElo "1967"]
[BlackElo "1951"]
[PlyCount "56"]
[GameId "2160767911618848"]
[EventDate "2001.01.10"]
[EventType "tourn"]
[EventRounds "11"]
[EventCountry "CAN"]
[SourceTitle "EXT 2003"]
[Source "ChessBase"]
[SourceDate "2002.11.25"]
[SourceVersion "1"]
[SourceVersionDate "2002.11.25"]
[SourceQuality "1"]

1. Nc3 c5 2. e4 Nc6 3. g3 g6 4. Bg2 Bg7 5. d3 e6 6. Be3 d6 7. Nge2 Nge7 8. O-O b6 9. Qd2 h5 10. f4 d5 11. exd5 exd5 12. d4 c4 13. Rfe1 Be6 14. b3 Na5 15. Bf2 Qd7 16. Nc1 Kf8 17. Rb1 Bf6 18. b4 Nb7 19. N1e2 h4 20. Qe3 Kg7 21. Nd1 Nd6 22. c3 Rh7 23. Rb2 Rah8 24. Rc2 Ndf5 25. Qf3 hxg3 26. hxg3 Nd6 27. Rf1 Bf5 28. Rb2 Be4 0-1

[Event "Toronto ch reserves"]
[Site "Toronto CAN"]
[Date "2001.01.22"]
[Round "5"]
[White "Pe, Joe-Mari"]
[Black "Lucki, Arnie"]
[Result "0-1"]
[WhiteElo "1931"]
[BlackElo "1885"]
[PlyCount "72"]
[GameId "2160767911618849"]
[EventDate "2001.01.10"]
[EventType "tourn"]
[EventRounds "11"]
[EventCountry "CAN"]
[SourceTitle "EXT 2003"]
[Source "ChessBase"]
[SourceDate "2002.11.25"]
[SourceVersion "1"]
[SourceVersionDate "2002.11.25"]
[SourceQuality "1"]

1. c4 f5 2. Nc3 Nf6 3. f4 e6 4. Nf3 c6 5. g3 Bc5 6. Na4 Be7 7. Bg2 O-O 8. a3 a6 9. c5 a5 10. d4 Na6 11. Nb6 Ra7 12. Bd2 Ne4 13. Nxc8 Qxc8 14. Bxa5 Ra8 15. Bd2 Bf6 16. Rb1 Nc7 17. O-O Nd5 18. Re1 b6 19. cxb6 Qa6 20. e3 Qxb6 21. Qc2 Rfb8 22. Bc1 Rxa3 23. Ne5 Bxe5 24. fxe5 Qb4 25. Qe2 Ra2 26. Bxe4 fxe4 27. Rf1 Nc3 28. bxc3 Qxb1 29. Bd2 Qd3 30. Qf2 h6 31. Qf7+ Kh7 32. Be1 Qxe3+ 33. Bf2 Qf3 34. Qxf3 exf3 35. Be3 Re2 36. Rxf3 Rb1+ 0-1

[Event "Toronto ch reserves"]
[Site "Toronto CAN"]
[Date "2001.01.22"]
[Round "5"]
[White "Sherman, Robert"]
[Black "Chen, Chin Hua"]
[Result "0-1"]
[WhiteElo "1925"]
[BlackElo "2000"]
[PlyCount "56"]
[GameId "2160767911618850"]
[EventDate "2001.01.10"]
[EventType "tourn"]
[EventRounds "11"]
[EventCountry "CAN"]
[SourceTitle "EXT 2003"]
[Source "ChessBase"]
[SourceDate "2002.11.25"]
[SourceVersion "1"]
[SourceVersionDate "2002.11.25"]
[SourceQuality "1"]

1. e4 e6 2. d4 d5 3. exd5 exd5 4. c4 Nf6 5. Nc3 Bb4 6. Bd3 O-O 7. Nge2 dxc4 8. Bxc4 Nc6 9. O-O h6 10. a3 Ba5 11. Qd3 a6 12. Bxh6 gxh6 13. Qg6+ Kh8 14. Qxh6+ Nh7 15. Bd3 f5 16. Nf4 Rf6 17. Qh5 Kg7 18. Qe2 Rh6 19. d5 Qh4 20. Nh3 Ne7 21. Rfe1 Ng6 22. Qe8 Bb6 23. Re2 Bc5 24. Rae1 Ng5 25. Re7+ Bxe7 26. Rxe7+ Nxe7 27. Qxe7+ Nf7 28. Qe8 Rh8 0-1